A zöld tea felhasználása és fogyasztási szokásai napjainkban

Bibliográfiai részletek
Szerző: Bayer Brigitta
További közreműködők: Fekete-Frojimovics Dr. Zsófia
Dokumentumtípus: Diplomadolgozat
Kulcsszavak:zöld tea
tea
fogyasztási szokások
felhasználás
antioxidáns
Online Access:http://dolgozattar.uni-bge.hu/8574

MARC

LEADER 00000nta a2200000 i 4500
001 dolg8574
005 20170216141149.0
008 161209suuuu hu om 000 hun d
040 |a BGE Dolgozattár Repozitórium  |b hun 
041 |a hu 
100 1 |a Bayer Brigitta 
245 1 2 |a A zöld tea felhasználása és fogyasztási szokásai napjainkban  |c Bayer Brigitta  |h [elektronikus dokumentum] 
246 1 1 |a A zöld tea felhasználása és fogyasztási szokásai napjainkban 
695 |a zöld tea 
695 |a tea 
695 |a fogyasztási szokások 
695 |a felhasználás 
695 |a antioxidáns 
700 1 |a Fekete-Frojimovics Dr. Zsófia  |e ths 
856 4 0 |u http://dolgozattar.uni-bge.hu/8574/1/A%20z%C3%B6ld%20tea%20felhaszn%C3%A1l%C3%A1sa%20%C3%A9s%20fogyaszt%C3%A1si%20szok%C3%A1sai%20napjainkban.pdf  |z Dokumentum-elérés